000 00580nam a22001817a 4500
999 _c11230
_d11230
003 AR-CdUCM
008 190403b ||||| |||| 00| 0 spa d
040 _aMUNICIPALIDAD PROVINCIAL DEL CUSCO
_cBIBLIOTECA MUNICIPAL DEL CUSCO
082 _a985.095 /
_bD97 / 1970
100 _aDuran Abarca, Washington
_94272
245 _aConsideraciones en torno a la constitución y los gobiernos de facto /
260 _aLima :
_bAtlantida,
_c1970.
300 _a14 pƔginas ;
_c25 cm.
650 _aDerecho.
_9739
650 _aPoder judicial.
_96955
942 _2ddc
_cLIBROS
945 _awfj